000 00521pam a2200157 a 4500
020 _a0136597491
082 0 0 _a624.18341
_bYOU
_cN-01, P-89
245 0 4 _aThe Science and technology of civil engineering materials /
_cJ. Francis Young ... [et al.].
260 _aUpper Saddle River, NJ :
_bPrentice Hall,
_cc1998.
300 _axiv, 384 p. :
_bill. ;
_c26 cm.
526 _a0
_b0
_c0
_d624_183410000000000_YOU
650 0 _aMaterials.
_91466
650 0 _aNUST
_96342
700 1 _aYoung, J. Francis.
_937770
942 _2ddc
_cBK
999 _c542556
_d542556